Urban Agglomeration - Letter H - Statistics

General Stats
  • This quiz has been taken 32 times
  • The average score is 4 of 5
Answer Stats
Second Letter Answer % Correct
A Hanoi | Hamburg | Harare | Havana | Hartford
97%
E Helsinki
86%
O Ho Chi Minh City | Houston | Hofuf
86%
Y Hyderabad
83%
I Hiroshima
34%
No matching quizzes found
Score Distribution
Percent of People with Each Score
Percentile by Number Answered
Your Score History
You have not taken this quiz